Learning Resource and Development

A Chronological subject guide to American heritage magazine : (Record no. 22236)

MARC details
000 -LEADER
fixed length control field 01201cam a2200277Ia 4500
001 - CONTROL NUMBER
control field chronologicalsub16amer
003 - CONTROL NUMBER IDENTIFIER
control field CaSfIA
005 - DATE AND TIME OF LATEST TRANSACTION
control field 20230525155111.0
007 - PHYSICAL DESCRIPTION FIXED FIELD--GENERAL INFORMATION
fixed length control field cr||||
008 - FIXED-LENGTH DATA ELEMENTS--GENERAL INFORMATION
fixed length control field 781020s1967 nyu b 000 0 eng d
040 ## - CATALOGING SOURCE
Original cataloging agency MSU
Transcribing agency MSU
Modifying agency MHS
-- OCL
-- WSU
-- XTA
-- OCL
-- CaSfIA
019 ## -
-- 420543
035 ## - SYSTEM CONTROL NUMBER
System control number (OCoLC)4308643
Canceled/invalid control number (OCoLC)420543
043 ## - GEOGRAPHIC AREA CODE
Geographic area code n-us---
050 #4 - LIBRARY OF CONGRESS CALL NUMBER
Classification number E171.Z999
Item number A431
092 ## - LOCALLY ASSIGNED DEWEY CALL NUMBER (OCLC)
Classification number 973
Item number A
245 02 - TITLE STATEMENT
Title A Chronological subject guide to American heritage magazine :
Medium [electronic resource]
Remainder of title volumes vi-xvii, December 1954-October 1966 /
Statement of responsibility, etc. prepared by the Education Department, American Heritage Publishing Co., Inc.
260 ## - PUBLICATION, DISTRIBUTION, ETC.
Place of publication, distribution, etc. [New York, NY] :
Name of publisher, distributor, etc. The Company,
Date of publication, distribution, etc. c1967.
300 ## - PHYSICAL DESCRIPTION
Extent 61 p. ;
Dimensions 21 cm.
651 #0 - SUBJECT ADDED ENTRY--GEOGRAPHIC NAME
Geographic name United States
General subdivision History
Form subdivision Bibliography.
651 #0 - SUBJECT ADDED ENTRY--GEOGRAPHIC NAME
Geographic name United States
General subdivision Civilization
Form subdivision Bibliography.
630 00 - SUBJECT ADDED ENTRY--UNIFORM TITLE
Uniform title American heritage
Form subdivision Indexes.
710 2# - ADDED ENTRY--CORPORATE NAME
Corporate name or jurisdiction name as entry element American Heritage Publishing Company.
Subordinate unit Education Dept.
856 41 - ELECTRONIC LOCATION AND ACCESS
Uniform Resource Identifier <a href="http://www.archive.org/details/chronologicalsub16amer">http://www.archive.org/details/chronologicalsub16amer</a>
Public note Free eBook from the Internet Archive
Materials specified Volume 16
856 42 - ELECTRONIC LOCATION AND ACCESS
Uniform Resource Identifier <a href="http://www.openlibrary.org/books/OL24203426M">http://www.openlibrary.org/books/OL24203426M</a>
Public note Additional information and access via Open Library
Materials specified Volume 16
Holdings
Withdrawn status Lost status Damaged status Not for loan Collection Home library Current library Date acquired Total Checkouts Date last seen Price effective from Koha item type
        Project Gutenberg Main Library Main Library 05/25/2023   05/25/2023 05/25/2023 EBooks